Les papyrus démotiques de Tsenhor (P. Tsenhor) : les archives privées d'une femme égyptienne du temps de Darius 1er /

محفوظ في:

المؤلف الرئيسي: Pestman, P. W.

مؤلفون آخرون: Vleeming, S. P.

التنسيق: كتاب

اللغة: French

منشور في: Leuven : In Aedibus Peeters, 1994.

سلاسل: Studia Demotica ; 4.
StudDem ; 4.

الموضوعات:

الوسوم: إضافة وسم

لا توجد وسوم, كن أول من يضع وسما على هذه التسجيلة!

رقم الطلب: (O.S.)PJ1807 .S85 v.4/1-2

LEADER 01277nam a2200289Ia 4500
003 OSt
005 20240528101146.0
008 950623s1994 be a b 001 0 fre d
952 |0 0  |1 0  |2 lcc  |3 V.4/1-2  |4 0  |7 1  |9 43731  |a ARCE  |b ARCE  |d 2022-11-24  |l 0  |o (O.S.)PJ1807 .S85 v.4/1-2  |p 1017564  |r 2022-11-24 00:00:00  |w 2022-11-24  |y BK 
999 |c 50188  |d 50188 
020 |a 9068316575 
040 |c ARCE Library 
050 4 |a (O.S.)PJ1807 .S85 v.4/1-2 
100 1 |a Pestman, P. W. 
245 1 0 |a Les papyrus démotiques de Tsenhor (P. Tsenhor) :   |b les archives privées d'une femme égyptienne du temps de Darius 1er /   |c éditées par P.W Pestman ; transcriptions hiéroglyphiques et paléographie établies par P.W. Pestman et S.P. Vleeming. 
264 1 |a Leuven :   |b In Aedibus Peeters,   |c 1994. 
300 |a 2 v. :   |b ill. ;   |c 42 cm. 
490 0 |a Studia Demotica ;   |v 4. 
490 0 |a StudDem ;   |v 4. 
504 |a Includes bibliographical references (v. 1, p. [185]-189) and indexes. 
505 0 |a 1. Textes -- 2. Paléographie et planches. 
600 0 0 |a Tsenhor -- approximately 550 B.C.- -- Archives. 
650 0 |a Egyptian language -- Demotic, ca. 650 B.C.-450 A.D. 
651 0 |a Egypt -- History -- To 332 B.C. -- Sources. 
700 1 |a Vleeming, S. P. 
901 |a reviewed 
942 |2 lcc  |c BK